| 000 | 00424nam a2200169Ia 4500 | ||
|---|---|---|---|
| 003 | LK-CoDNM | ||
| 005 | 20240725102943.0 | ||
| 008 | 010623t1932 xxu||||| |||| 00| 1 eng d | ||
| 040 |
_aLK-CoDNM _dLK-CoDNM _eLK-CoDNM |
||
| 041 | _aeng | ||
| 080 |
_a8 _bGG8 |
||
| 100 | _aPitt,Rivers.G.H.L.F. | ||
| 245 | _aProblems of Population | ||
| 260 |
_bGeorge Allen and Unwin _aLondon _c1932 |
||
| 300 | _b378p. ; 23 cm | ||
| 942 | _cBK | ||
| 999 |
_c96149 _d96149 |
||